The political life and letters of Cavour 1848-1861

में बचाया:
ग्रंथसूची विवरण
मुख्य लेखक: Whyte, Arthur James Beresford
स्वरूप: पुस्तक
भाषा:Undetermined
प्रकाशित: London Oxford University press 1962
विषय:
टैग : टैग जोड़ें
कोई टैग नहीं, इस रिकॉर्ड को टैग करने वाले पहले व्यक्ति बनें!
Thư viện lưu trữ: Trung tâm Học liệu Trường Đại học Cần Thơ
LEADER 00565nam a2200193Ia 4500
001 CTU_81088
008 210402s9999 xx 000 0 und d
082 |a 945.08 
082 |b W629 
100 |a Whyte, Arthur James Beresford 
245 4 |a The political life and letters of Cavour 1848-1861 
245 0 |c Arthur James Beresford Whyte 
260 |a London 
260 |b Oxford University press 
260 |c 1962 
650 |a Cavour, Camillo Benso 
650 |y 1810-1861 
904 |i Nguyên,Hải 
980 |a Trung tâm Học liệu Trường Đại học Cần Thơ